000 01167nam a2200313 a 4500
001 000116092
003 CHAP
005 20220329144600.0
008 190909s2019 mx a |sm |||||||spa d
010 _a112553
011 _a113525
040 _cCHAP
090 _aTesis
100 1 _aRomero García, Ricardo
_9136828
245 1 0 _aIdentificación y control de la pudrición del cogollo de la lechuga (Lactuca sativa L.)
_h[En línea]
_cpor Ricardo Romero García.
260 _aChapingo, Méx. :
_bEl autor,
_c2019.
500 _aPara ver el contenido del material haga clic en la liga
502 _aTesis (Ing. Agr. Esp. en Parasitología Agrícola) -- UACH. Departamento de Parasitología Agrícola
590 _aE6337LMJ
_b05
_c20190909
_lUCH01
_h1009
590 _aE6337LMJ
_b05
_c20190909
_lUCH01
_h1010
650 1 4 _aBotrytis cinerea
_xControl.
_9108196
650 1 4 _aFungicidas
_xEfecto en plantas.
_9126679
650 1 4 _aLechuga
_xEnfermedades por hongos.
_9134415
650 1 4 _aPudrición de la raíz
_xLechuga.
_992851
856 _aFinding aid
_uhttp://10.13.5.2/tesis/sist116092.pdf
_zTeclea aquí
901 _aBK
942 _cTESIS
942 _n0
999 _c112553
_d112553